El empeño de Heracles: la exploración del Atlántico en la antigüedad

Gorde:
Xehetasun bibliografikoak
Egile nagusia: López Pardo, Fernando (autor)
Formatua: Liburua
Hizkuntza:gaztelania
Argitaratua: Madrid, España Arcos Libros 2000
Saila:Cuadernos de Historia, 73
Gaiak:
Etiketak: Etiketa erantsi
Etiketarik gabe, Izan zaitez lehena erregistro honi etiketa jartzen!

MARC

LEADER 00000nam a2200000 a 4500
001 UCH1384
003 CL-VaPUC
005 20210511175306.0
008 090427e20000000SP |||||||||||||||||spa|d
999 |c 333435  |d 333433 
020 |a 8476354053 
040 |c Pontificia Universidad Católica de Valparaíso 
082 0 4 |a 938 LOP 2000  |2 21 
100 |a López Pardo, Fernando  |e autor  |9 535861 
245 1 3 |a El empeño de Heracles:  |b  la exploración del Atlántico en la antigüedad 
260 |a Madrid, España  |b Arcos Libros  |c 2000 
300 |a 96 páginas 
490 0 |a Cuadernos de Historia,  |v  73 
583 |a last modification  |c 20090427 00:00:00  |k Rodrigo Vera 
600 0 7 |a HERACLES  |2 CL-VaPUC  |9 535862 
650 0 |a Historia antigua  |z GRECIA  |9 267521 
650 0 |a Historia de Grecia   |9 267917 
852 |a BIBCUR 
942 |c BK  |2 ddc 
945 |d 20090427 00:00:00  |a rbrito 
952 |0 0  |1 0  |2 ddc  |4 0  |6 938_000000000000000_LOP_2000  |7 0  |8 A  |9 421819  |a BIBHIS  |b BIBHIS  |d 2019-11-22  |i 4539257  |o 938 LOP 2000  |p 4539257  |r 2025-01-20  |t 1  |w 2019-11-22  |y BK  |k HIS